El Che ha vencido
Uloženo v:
| Hlavní autor: | |
|---|---|
| Médium: | Neznámo |
| Vydáno: |
La Habana, Cuba:
Instituto Cubano del Libro,
|
| Témata: | |
| Tagy: |
Přidat tag
Žádné tagy, Buďte první, kdo vytvoří štítek k tomuto záznamu!
|
MARC
| LEADER | 000000000a22000000004500 | ||
|---|---|---|---|
| 001 | 001107 | ||
| 022 | |a 008-7157 | ||
| 100 | 1 | |a Toti, Gianni | |
| 245 | 1 | 0 | |a El Che ha vencido |
| 260 | |a La Habana, Cuba: |b Instituto Cubano del Libro, | ||
| 650 | 4 | |a GUEVARA, ERNESTO, 1928 -1967 | |
| 650 | 4 | |a CORRESPONDENCIA | |
| 773 | 0 | |t Casa de la Américas | |
| 773 | 0 | |g 46 Ene. - Feb. 1968 | |
| 773 | 0 | |g 1968 | |
| 773 | 0 | |g 18 - 19 páginas | |
| 999 | |c 1751 |d 1751 | ||
